<?xml version="1.0" encoding="UTF-8"?>
<marc:record xmlns:marc="http://www.loc.gov/MARC21/slim">
   <marc:leader>00000nam a2200000 a 4500</marc:leader>
   <marc:datafield ind1="1" ind2=" " tag="100">
      <marc:subfield code="a">Weinhold Angela</marc:subfield>
      <marc:subfield code="4">aut</marc:subfield>
      <marc:subfield code="e">Verfasser/-in</marc:subfield>
   </marc:datafield>
   <marc:datafield ind1="1" ind2=" " tag="100">
      <marc:subfield code="a">Weinhold, Angela</marc:subfield>
   </marc:datafield>
   <marc:datafield ind1=" " ind2=" " tag="653">
      <marc:subfield code="a">Sinnesorgane</marc:subfield>
   </marc:datafield>
   <marc:datafield ind1=" " ind2=" " tag="653">
      <marc:subfield code="a">SINNE</marc:subfield>
   </marc:datafield>
   <marc:datafield ind1="0" ind2="0" tag="245">
      <marc:subfield code="a">Wir entdecken unsere Sinne</marc:subfield>
   </marc:datafield>
   <marc:datafield ind1="0" ind2="0" tag="245">
      <marc:subfield code="c">Weinhold Angela</marc:subfield>
   </marc:datafield>
   <marc:datafield ind1=" " ind2="1" tag="264">
      <marc:subfield code="a">Ravensburg</marc:subfield>
      <marc:subfield code="b">Ravensburger Buchverl.</marc:subfield>
      <marc:subfield code="c">2005</marc:subfield>
   </marc:datafield>
   <marc:datafield ind1="1" ind2=" " tag="490">
      <marc:subfield code="a">Wieso? Weshalb? Warum?</marc:subfield>
   </marc:datafield>
   <marc:datafield ind1="1" ind2=" " tag="520">
      <marc:subfield code="a">Ohne unsere fünf Sinne könnten wir vieles nicht erfahren und genießen. (ab 4) (JN) In diesem neuen Band aus der Reihe " Wieso? Weshalb? Warum?" von Ravensburger wird den Kindern näher gebracht, auf welche Weise sie ihre Umwelt wahrnehmen. Auf je zwei bis vier Seiten werden die einzelnen Sinne - Hören, Fühlen, Sehen, Riechen und Schmecken - erklärt. Die Organe und ihre Funktionsweise werden veranschaulicht, mit vielen Klappen kann unter die Haut und in das Ohr geschaut werden, das Auge liegt im Querschnitt vor und die Geschmacksbereiche der Nase und der Zunge werden gezeigt. Doch Vorsicht, Sinne können auch getäuscht werden, wie im Experiment vorgeführt wird. Und so beeindruckend unsere Wahrnehmungsfähigkeiten auch sind, im Vergleich mit denen mancher Tiere wirken sie geradezu bescheiden. Die Genauigkeit der Erklärungen macht das Buch auch für ältere interessierte Kinder lesenswert. Diese Sachbuchreihe für Kindergartenkinder macht die kleinen LeserInnen durch die vielen Bild- und Textklappen neugierig und lädt zum spielerischen Lernen ein. Hier liegt ein leichter Vorbehalt für den Einsatz in Bibliotheken, denn die Klappen können leicht beschädigt werden. *bn* Sabine Huber</marc:subfield>
   </marc:datafield>
   <marc:datafield ind1=" " ind2=" " tag="020">
      <marc:subfield code="a">3473327441</marc:subfield>
      <marc:subfield code="9">3473327441</marc:subfield>
   </marc:datafield>
   <marc:datafield ind1=" " ind2=" " tag="300">
      <marc:subfield code="a">[7] Bl. : zahlr. Ill. (farb.)</marc:subfield>
   </marc:datafield>
</marc:record>
